All Florida Cities on a Map - Statistics

General Stats
  • This quiz has been taken 28 times
    16 since last reset
  • The average score is 50 of 940
Answers on the Map
Answers color-coded by a green-red scale on the quiz's map according to % correct below.
 
Answer Stats
City Population % Correct
Miami 487,014
88%
Orlando 334,854
88%
Tallahassee 205,089
88%
Clearwater 116,811
75%
Day 200
75%
Daytona Beach 86,015
75%
Gainesville 148,720
75%
Hialeah 235,388
75%
Jacksonville 1,009,833
75%
Key West 25,240
75%
Naples 20,168
75%
Pensacola 53,898
75%
St. Petersburg 267,102
75%
Tampa 414,547
75%
West Palm Beach 127,744
75%
Boca Raton 102,238
63%
Cape Coral 233,025
63%
Coral Springs 140,808
63%
Fort Lauderdale 190,641
63%
Fort Myers 99,918
63%
Hollywood 159,073
63%
Miami Beach 83,251
63%
Palm Bay 142,023
63%
Port St. Lucie 258,575
63%
Davie 112,052
50%
Deerfield Beach 90,507
50%
Deltona 100,513
50%
Destin 13,991
50%
Homestead 85,796
50%
Kissimmee 84,756
50%
Lakeland 124,990
50%
Miami Gardens 116,173
50%
Miramar 143,242
50%
Palm Beach 9,493
50%
Palm Coast 106,729
50%
Pembroke Pines 179,326
50%
St. Augustine 16,033
50%
Bradenton 58,184
38%
Crestview 30,727
38%
Fort Walton Beach 21,188
38%
Jupiter 62,987
38%
Key Largo 12,069
38%
Largo 82,337
38%
Melbourne 87,561
38%
North Miami 62,202
38%
North Port 92,875
38%
Ocala 70,251
38%
Okeechobee 5,731
38%
Panama City 37,024
38%
Plantation 105,177
38%
Port Charlotte 64,971
38%
Sarasota 57,764
38%
South Miami 13,207
38%
The Villages 82,108
38%
Vero Beach 17,556
38%
Weston 70,674
38%
Altamonte Springs 47,261
25%
Bell 582
25%
Celebration 13,150
25%
Clewiston 7,496
25%
Cocoa 19,909
25%
Cocoa Beach 11,386
25%
Coral Gables 50,379
25%
Delray Beach 70,140
25%
Doral 83,625
25%
Florida City 13,157
25%
Fort Pierce 50,805
25%
Homosassa 2,072
25%
Homosassa Springs 15,465
25%
Jacksonville Beach 23,630
25%
Lake City 12,783
25%
Miami Lakes 33,247
25%
Monticello 2,754
25%
North Miami Beach 45,655
25%
Panama City Beach 19,955
25%
Punta Gorda 20,416
25%
Sanford 66,919
25%
Sanibel 6,358
25%
Siesta Key 5,690
25%
Sunrise 100,128
25%
Winter Garden 48,771
25%
Winter Park 30,835
25%
Apalachicola 2,461
13%
Apopka 62,777
13%
Arcadia 7,974
13%
Atlantic Beach 13,279
13%
Ave Maria 6,826
13%
Aventura 40,531
13%
Baldwin 1,385
13%
Bal Harbour 3,099
13%
Bartow 22,084
13%
Belle Glade 17,363
13%
Bonita Springs 57,112
13%
Boynton Beach 83,095
13%
Brandon 116,365
13%
Cape Canaveral 10,014
13%
Captiva 129
13%
Clermont 50,851
13%
Crystal Springs 1,362
13%
Cutler Bay 45,833
13%
DeFuniak Springs 7,048
13%
DeLand 45,587
13%
Doctor Phillips 12,458
13%
Dunedin 35,932
13%
Eglin AFB 2,975
13%
Estero 38,443
13%
Fernandina Beach 13,672
13%
Fort Myers Beach 5,308
13%
Fort Pierce North 7,023
13%
Fort Pierce South 4,686
13%
Green Cove Springs 10,087
13%
Gulfport 11,645
13%
Hallandale Beach 43,043
13%
Hialeah Gardens 23,328
13%
Indian Rocks Beach 3,637
13%
Indian Shores 1,190
13%
Jasper 3,549
13%
Juno Beach 3,969
13%
Kendale Lakes 52,141
13%
Kendall 78,527
13%
Key Biscayne 15,111
13%
LaBelle 5,472
13%
Lake Buena Vista 25
13%
Lake Wales 17,798
13%
Lauderhill 76,627
13%
Lee 380
13%
Leesburg 37,815
13%
Madison 2,994
13%
Maitland 19,776
13%
Marathon 10,039
13%
Marco Island 16,554
13%
Melbourne Beach 3,273
13%
Melbourne Village 683
13%
Miami Shores 11,917
13%
Micanopy 660
13%
Naranja 14,610
13%
Navarre 38,988
13%
Neptune Beach 7,032
13%
New Port Richey 18,130
13%
New Smyrna Beach 33,144
13%
Niceville 17,919
13%
Nokomis 3,391
13%
North Fort Myers 44,189
13%
North Lauderdale 46,335
13%
North Palm Beach 13,423
13%
Ocoee 51,269
13%
Opa-locka 16,507
13%
Orange City 15,257
13%
Ormond Beach 44,596
13%
Ormond-by-the-Sea 6,962
13%
Oviedo 41,901
13%
Palm Beach Gardens 63,284
13%
Palmetto 13,682
13%
Palmetto Bay 25,402
13%
Palm Harbor 61,454
13%
Palm Valley 19,775
13%
Panacea 1,039
13%
Pinecrest 18,981
13%
Pinellas Park 53,503
13%
Pompano Beach 118,104
13%
Ponce Inlet 3,485
13%
Port Orange 66,556
13%
Quincy 8,119
13%
Royal Palm Beach 41,948
13%
Safety Harbor 16,972
13%
Satellite Beach 11,367
13%
Sebring 11,795
13%
South Bay 5,160
13%
South Palm Beach 1,491
13%
Spring Hill 118,814
13%
St. Augustine Beach 6,808
13%
St. Cloud 71,036
13%
St. George Island 1,218
13%
St. Leo 2,472
13%
St. Pete Beach 8,730
13%
Stuart 19,566
13%
Sunny Isles Beach 22,903
13%
Sunset 13,652
13%
Surfside 5,719
13%
Tamiami 51,201
13%
Temple Terrace 27,588
13%
Town 'n' Country 86,544
13%
Venice 29,902
13%
Wellington 63,258
13%
Winter Haven 59,975
13%
Acacia Villas 289
0%
Alachua 10,856
0%
Alafaya 90,874
0%
Alford 519
0%
Allentown 1,200
0%
Altha 495
0%
Altoona 33
0%
Alturas 3,866
0%
Alva 3,279
0%
Andrews 737
0%
Anna Maria 1,016
0%
Apollo Beach 28,347
0%
Archer 1,176
0%
Aripeka 190
0%
Asbury Lake 13,465
0%
Astatula 2,266
0%
Astor 1,507
0%
Atlantis 2,160
0%
Auburndale 20,659
0%
Aucilla 174
0%
Avalon 1,033
0%
Avon Park 10,415
0%
Azalea Park 16,110
0%
Babson Park 1,156
0%
Bagdad 4,285
0%
Balm 5,362
0%
Bardmoor 10,095
0%
Bascom 93
0%
Bay Harbor Islands 5,937
0%
Bay Hill 4,214
0%
Bay Lake 23
0%
Bayonet Point 23,787
0%
Bay Pines 2,700
0%
Bayport 168
0%
Bayshore Gardens 18,324
0%
Beacon Square 7,643
0%
Bear Creek 2,091
0%
Bee Ridge 9,921
0%
Bellair-Meadowbrook Terrace 13,887
0%
Belleair 4,614
0%
Belleair Beach 1,615
0%
Belleair Bluffs 2,284
0%
Belleair Shore 76
0%
Belle Isle 7,741
0%
Belleview 6,156
0%
Bellview 25,051
0%
Berkshire Lakes 2,493
0%
Berrydale 205
0%
Beverly Beach 520
0%
Beverly Hills 9,716
0%
Big Coppitt Key 3,333
0%
Big Pine Key 4,584
0%
Biscayne Park 3,123
0%
Bithlo 10,790
0%
Black Diamond 1,549
0%
Black Hammock 1,194
0%
Bloomingdale 23,979
0%
Blountstown 2,269
0%
Bokeelia 2,136
0%
Bonifay 2,838
0%
Boulevard Gardens 1,426
0%
Bowling Green 2,456
0%
Bradenton Beach 927
0%
Bradfordville 19,548
0%
Bradley Junction 772
0%
Branford 772
0%
Brent 23,441
0%
Briny Breezes 532
0%
Bristol 942
0%
Broadview Park 7,802
0%
Bronson 1,263
0%
Brooker 339
0%
Brookridge 4,788
0%
Brooksville 9,985
0%
Brownsdale 404
0%
Brownsville 16,391
0%
Buckhead Ridge 886
0%
Buckingham 4,637
0%
Buenaventura Lakes 32,310
0%
Bunnell 4,120
0%
Burnt Store Marina 2,201
0%
Bushnell 3,193
0%
Butler Beach 4,723
0%
Cabana Colony 1,930
0%
Callahan 1,785
0%
Callaway 14,138
0%
Campbell 2,247
0%
Campbellton 203
0%
Canal Point 244
0%
Capitola 306
0%
Carrabelle 2,570
0%
Carrollwood 35,645
0%
Caryville 318
0%
Casselberry 31,650
0%
Cedar Grove 2,911
0%
Cedar Key 736
0%
Center Hill 1,055
0%
Century 1,780
0%
Chaires 676
0%
Charleston Park 37
0%
Charlotte Harbor 4,456
0%
Charlotte Park 1,803
0%
Chattahoochee 3,028
0%
Cheval 13,694
0%
Chiefland 2,444
0%
Chipley 3,741
0%
Chokoloskee 911
0%
Christmas 1,665
0%
Chuluota 2,179
0%
Chumuckla 969
0%
Cinco Bayou 468
0%
Citrus Hills 9,044
0%
Citrus Park 28,163
0%
Citrus Springs 11,469
0%
Clarcona 4,636
0%
Cleveland 2,690
0%
Cloud Lake 141
0%
Cobbtown 61
0%
Cocoa West 5,416
0%
Coconut Creek 59,721
0%
Coleman 789
0%
Combee Settlement 4,756
0%
Connerton 7,159
0%
Conway 13,346
0%
Cooper City 35,541
0%
Coral Terrace 24,051
0%
Cortez 5,323
0%
Cottondale 879
0%
Country Club 51,000
0%
Country Walk 18,693
0%
Crawfordville 5,892
0%
Crescent Beach 903
0%
Crescent City 1,724
0%
Crooked Lake Park 2,151
0%
Cross City 1,816
0%
Crystal Lake 5,203
0%
Crystal River 3,661
0%
Cudjoe Key 2,478
0%
Cypress Gardens 10,013
0%
Cypress Lake 13,145
0%
Cypress Quarters 1,382
0%
Dade City 9,662
0%
Dade City North 3,049
0%
Dania Beach 33,076
0%
Davenport 16,764
0%
Daytona Beach Shores 5,223
0%
DeBary 23,468
0%
DeLand Southwest 1,042
0%
De Leon Springs 2,784
0%
Desoto Acres 770
0%
Desoto Lakes 2,193
0%
Dickerson City 74
0%
Dixonville 43
0%
Dover 3,157
0%
Duck Key 755
0%
Dundee 6,275
0%
Dunnellon 2,043
0%
Eagle Lake 5,576
0%
East Bronson 2,303
0%
East Lake 33,019
0%
East Lake-Orient Park 29,064
0%
East Milton 14,280
0%
East Palatka 1,536
0%
Eastpoint 2,602
0%
East Williston 671
0%
Eatonville 2,356
0%
Ebro 246
0%
Edgewater 24,334
0%
Edgewood 2,867
0%
Egypt Lake-Leto 35,709
0%
Elfers 13,877
0%
Ellenton 5,454
0%
El Portal 1,980
0%
Englewood 19,385
0%
Ensley 23,036
0%
Esto 350
0%
Eustis 25,067
0%
Everglades 396
0%
Fairview Shores 11,064
0%
Fanning Springs 1,341
0%
Feather Sound 3,309
0%
Fellsmere 5,028
0%
Ferndale 457
0%
Fern Park 8,593
0%
Ferry Pass 30,467
0%
Fidelis 89
0%
Fisher Island 830
0%
Fish Hawk 25,945
0%
Five Points 1,160
0%
Flagler Beach 5,568
0%
Flagler Estates 3,934
0%
Fleming Island 29,351
0%
Floral City 5,467
0%
Florida Gulf Coast University 4,416
0%
Florida Ridge 21,517
0%
Floridatown 330
0%
Forest City 14,871
0%
Fort Braden 886
0%
Fort Denaud 1,396
0%
Fort Green 110
0%
Fort Green Springs 742
0%
Fort Meade 5,341
0%
Fort Myers Shores 5,966
0%
Fort White 669
0%
Fountainebleau 56,453
0%
Franklin Park 2,018
0%
Freeport 7,234
0%
Frostproof 3,467
0%
Fruit Cove 35,609
0%
Fruitland Park 8,962
0%
Fruitville 15,828
0%
Fuller Heights 10,697
0%
Fussels Corner 5,113
0%
Garcon Point 581
0%
Garden Grove 858
0%
Gardner 502
0%
Gateway 9,603
0%
Geneva 3,520
0%
Gibsonton 18,831
0%
Gifford 4,658
0%
Gladeview 14,657
0%
Glencoe 1,479
0%
Glen Ridge 218
0%
Glen St. Mary 504
0%
Glenvar Heights 18,488
0%
Golden Beach 1,034
0%
Golden Gate 28,767
0%
Golden Glades 35,042
0%
Goldenrod 12,603
0%
Golf 273
0%
Gonzalez 13,861
0%
Goodland 89
0%
Gotha 1,179
0%
Goulding 3,448
0%
Goulds 12,019
0%
Graceville 2,219
0%
Grand Ridge 925
0%
Grant-Valkaria 5,730
0%
Greenacres 45,197
0%
Greenbriar 2,344
0%
Greensboro 464
0%
Greenville 774
0%
Greenwood 561
0%
Grenelefe 2,341
0%
Gretna 1,284
0%
Grove City 2,049
0%
Groveland 24,602
0%
Gulf Breeze 6,955
0%
Gulf Stream 994
0%
Gun Club Estates 853
0%
Haines City 42,073
0%
Hampton 498
0%
Harbor Bluffs 3,020
0%
Harbour Heights 4,184
0%
Harlem 3,050
0%
Harlem Heights 1,105
0%
Harold 408
0%
Hastings 608
0%
Havana 1,756
0%
Haverhill 2,225
0%
Hawthorne 1,529
0%
Heathrow 7,033
0%
Heritage Bay 752
0%
Heritage Pines 1,520
0%
Hernando 8,795
0%
Hernando Beach 2,518
0%
Highland Beach 4,368
0%
Highland City 12,732
0%
Highland Park 285
0%
High Point 3,618
0%
High Springs 6,806
0%
Hillcrest Heights 282
0%
Hilliard 3,077
0%
Hill 'n Dale 3,722
0%
Hillsboro Beach 2,043
0%
Hillsboro Pines 567
0%
Hobe Sound 14,313
0%
Holden Heights 3,108
0%
Holden Lakes 3,506
0%
Holiday 21,768
0%
Holley 2,595
0%
Holly Hill 13,183
0%
Holmes Beach 3,049
0%
Homeland 348
0%
Homestead Base 1,334
0%
Horizon West 62,152
0%
Horseshoe Beach 173
0%
Hosford 769
0%
Howey-in-the-Hills 1,693
0%
Hudson 10,873
0%
Hunters Creek 21,255
0%
Hurlburt Field 2,867
0%
Hutchinson Island South 4,350
0%
Hypoluxo 2,941
0%
Immokalee 25,624
0%
Indialantic 3,117
0%
Indian Creek 89
0%
Indian Harbour Beach 9,006
0%
Indian Lake Estates 956
0%
Indian River Estates 7,331
0%
Indian River Shores 4,466
0%
Indiantown 6,810
0%
Inglis 1,622
0%
Interlachen 1,508
0%
Inverness 7,887
0%
Inverness Highlands North 2,785
0%
Inverness Highlands South 7,478
0%
Inwood 7,098
0%
Iona 14,290
0%
Islamorada 7,013
0%
Island Walk 2,724
0%
Istachatta 77
0%
Ives Estates 26,154
0%
Jacob City 230
0%
Jan Phyl Village 5,798
0%
Jasmine Estates 23,151
0%
Jay 583
0%
Jennings 772
0%
Jensen Beach 12,456
0%
June Park 4,852
0%
Juno Ridge 1,260
0%
Jupiter Farms 13,394
0%
Jupiter Inlet Colony 456
0%
Jupiter Island 837
0%
Kathleen 6,527
0%
Kendall West 35,492
0%
Kenneth City 4,966
0%
Kensington Park 3,561
0%
Kenwood Estates 1,403
0%
Key Colony Beach 749
0%
Keystone 26,723
0%
Keystone Heights 1,566
0%
Key Vista 1,503
0%
Lacoochee 1,445
0%
La Crosse 324
0%
Lady Lake 17,288
0%
Laguna Beach 4,367
0%
Lake Alfred 8,632
0%
Lake Belvedere Estates 2,532
0%
Lake Butler 19,225
0%
Lake Clarke Shores 3,629
0%
Lake Hamilton 2,126
0%
Lake Hart 425
0%
Lake Helen 2,988
0%
Lake Kathryn 797
0%
Lake Kerr 1,767
0%
Lakeland Highlands 11,669
0%
Lake Lindsey 189
0%
Lake Lorraine 7,210
0%
Lake Mack-Forest Hills 2,267
0%
Lake Magdalene 31,733
0%
Lake Mary 16,989
0%
Lake Mary Jane 2,323
0%
Lake Mystic 556
0%
Lake Panasoffkee 4,525
0%
Lake Park 9,188
0%
Lake Placid 2,561
0%
Lake Sarasota 3,802
0%
Lakeside 31,548
0%
Lakewood Park 14,077
0%
Lakewood Ranch 39,434
0%
Land O' Lakes 41,845
0%
Lantana 12,545
0%
Lauderdale-by-the-Sea 6,365
0%
Lauderdale Lakes 37,333
0%
Laurel 11,868
0%
Laurel Hill 606
0%
Lawtey 682
0%
Layton 208
0%
Lazy Lake 35
0%
Lealman 21,026
0%
Lecanto 6,929
0%
Lehigh Acres 127,391
0%
Leisure City 26,917
0%
Lely 3,770
0%
Lely Resort 8,296
0%
Lemon Grove 418
0%
Liberty Triangle 24,178
0%
Lighthouse Point 10,878
0%
Limestone 93
0%
Limestone Creek 1,606
0%
Lisbon 113
0%
Live Oak 7,200
0%
Lloyd 186
0%
Lochmoor Waterway Estates 5,791
0%
Lockhart 14,753
0%
Longboat Key 7,463
0%
Longwood 17,089
0%
Loughman 7,535
0%
Lower Grand Lagoon 4,305
0%
Loxahatchee Groves 3,559
0%
Lutz 26,731
0%
Lynn Haven 21,954
0%
Macclenny 8,178
0%
Madeira Beach 4,014
0%
Malabar 3,175
0%
Malone 1,642
0%
Manalapan 441
0%
Manasota Key 1,741
0%
Manatee Road 2,252
0%
Mango 13,037
0%
Mangonia Park 2,643
0%
Marco Shores-Hammock Bay 746
0%
Margate 60,650
0%
Marianna 7,975
0%
Marineland 9
0%
Marion Oaks 22,296
0%
Mary Esther 4,070
0%
Masaryktown 1,023
0%
Mascotte 9,150
0%
Matlacha 845
0%
Matlacha Isles-Matlacha Shores 87
0%
Mayo 1,087
0%
McGregor 8,198
0%
McIntosh 532
0%
Meadow Oaks 3,261
0%
Meadow Woods 40,741
0%
Medley 1,102
0%
Medulla 11,712
0%
Memphis 10,626
0%
Merritt Island 34,718
0%
Mexico Beach 1,210
0%
Miami Springs 13,901
0%
Micco 9,053
0%
Miccosukee 407
0%
Middleburg 11,911
0%
Midway 25,788
0%
Milton 11,182
0%
Mims 7,282
0%
Minneola 19,675
0%
Miramar Beach 8,587
0%
Molino 1,607
0%
Montura 3,678
0%
Montverde 1,811
0%
Moon Lake 4,572
0%
Moore Haven 1,711
0%
Morriston 176
0%
Mount Carmel 270
0%
Mount Dora 18,261
0%
Mount Plymouth 4,688
0%
Mulat 291
0%
Mulberry 4,488
0%
Munson 344
0%
Myrtle Grove 16,637
0%
Naples Manor 5,262
0%
Naples Park 4,995
0%
Nassau Village-Ratliff 4,749
0%
Navarre Beach 1,583
0%
Newberry 8,326
0%
New Port Richey East 11,485
0%
Nobleton 246
0%
Nocatee 25,581
0%
Noma 215
0%
North Bay Village 8,286
0%
North Brooksville 4,082
0%
Northdale 25,420
0%
North DeLand 1,096
0%
North Key Largo 1,630
0%
North Merritt Island 8,903
0%
North Redington Beach 1,478
0%
North River Shores 3,655
0%
North Sarasota 3,041
0%
North Weeki Wachee 7,967
0%
Oak Hill 2,172
0%
Oakland 3,796
0%
Oakland Park 45,771
0%
Oakleaf Plantation 30,737
0%
Oak Ridge 24,395
0%
Ocala Estates 2,347
0%
Ocean Breeze 402
0%
Ocean City 6,480
0%
Ocean Ridge 1,888
0%
Ocklawaha 1,966
0%
Odessa 8,170
0%
Ojus 17,101
0%
Okahumpka 332
0%
Old Miakka 1,398
0%
Oldsmar 14,831
0%
Olga 2,876
0%
Olympia Heights 13,179
0%
Ona 34
0%
On Top of the World 13,772
0%
Orange Park 8,993
0%
Orangetree 5,377
0%
Orchid 545
0%
Oriole Beach 2,146
0%
Orlovista 6,928
0%
Osprey 5,790
0%
Otter Creek 114
0%
Pace 25,630
0%
Page Park 973
0%
Pahokee 5,829
0%
Paisley 762
0%
Palatka 10,867
0%
Palm Beach Shores 1,359
0%
Palm City 25,699
0%
Palmer Ranch 15,873
0%
Palmetto Estates 16,587
0%
Palmona Park 1,028
0%
Palm River-Clair Mel 26,719
0%
Palm Shores 1,210
0%
Palm Springs 28,548
0%
Palm Springs North 5,291
0%
Paradise Heights 950
0%
Parker 4,801
0%
Parkland 39,700
0%
Pasadena Hills 12,848
0%
Patrick AFB 1,606
0%
Paxton 668
0%
Pea Ridge 3,934
0%
Pebble Creek 10,719
0%
Pelican Bay 6,575
0%
Pelican Marsh 2,513
0%
Pembroke Park 6,544
0%
Penney Farms 835
0%
Pensacola Station 4,993
0%
Perry 7,306
0%
Pierson 1,563
0%
Pine Air 2,036
0%
Pine Castle 10,429
0%
Pinecraft 465
0%
Pine Hills 82,264
0%
Pine Island 158
0%
Pine Island Center 1,668
0%
Pine Lakes 1,394
0%
Pineland 375
0%
Pine Level 199
0%
Pine Manor 3,929
0%
Pine Ridge 12,476
0%
Pinewood 17,427
0%
Pioneer 612
0%
Pittman 183
0%
Plantation Island 40
0%
Plant City 43,046
0%
Poinciana 71,665
0%
Point Baker 3,757
0%
Polk City 3,076
0%
Pomona Park 824
0%
Ponce de Leon 518
0%
Port LaBelle 6,856
0%
Port Richey 3,637
0%
Port Salerno 10,957
0%
Port St. Joe 3,856
0%
Port St. John 24,617
0%
Pretty Bayou 2,405
0%
Princeton 41,476
0%
Progress Village 10,378
0%
Punta Rassa 1,317
0%
Quail Ridge 2,983
0%
Raiford 224
0%
Rainbow Lakes Estates 3,376
0%
Rainbow Park 2,070
0%
Rainbow Springs 5,226
0%
Raleigh 699
0%
Reddick 516
0%
Redington Beach 1,383
0%
Redington Shores 2,167
0%
Richmond Heights 9,489
0%
Richmond West 35,988
0%
Ridgecrest 3,288
0%
Ridge Manor 4,478
0%
Ridge Wood Heights 5,085
0%
Rio 1,265
0%
Rio Pinar 5,396
0%
River Park 6,415
0%
River Ridge 5,191
0%
Riverview 107,776
0%
Riviera Beach 39,620
0%
Rockledge 31,429
0%
Roeville 460
0%
Roosevelt Gardens 2,566
0%
Roseland 2,080
0%
Rotonda 10,312
0%
Royal Palm Estates 1,722
0%
Ruskin 30,074
0%
Samoset 4,433
0%
Samsula-Spruce Creek 5,174
0%
San Antonio 1,577
0%
San Carlos Park 18,252
0%
San Castle 3,159
0%
Sarasota Springs 12,669
0%
Sawgrass 4,734
0%
Schall Circle 501
0%
Scottsmoor 791
0%
Sea Ranch Lakes 575
0%
Sebastian 27,087
0%
Seffner 8,498
0%
Seminole 19,395
0%
Seminole Manor 2,161
0%
Seville 1,165
0%
Sewall's Point 2,072
0%
Shady Hills 12,012
0%
Shalimar 757
0%
Sharpes 2,948
0%
Silver Lake 2,610
0%
Silver Springs 2,640
0%
Silver Springs Shores 27,556
0%
Silver Springs Shores East 1,224
0%
Sky Lake 7,728
0%
Sneads 1,780
0%
Solana 953
0%
Sopchoppy 476
0%
Sorrento 211
0%
South Apopka 7,425
0%
South Beach 3,081
0%
South Bradenton 25,585
0%
South Brooksville 4,835
0%
Southchase 14,149
0%
South Daytona 13,906
0%
Southeast Arcadia 7,247
0%
Southgate 6,054
0%
South Gate Ridge 5,456
0%
South Highpoint 4,129
0%
South Miami Heights 37,525
0%
South Pasadena 5,280
0%
South Patrick Shores 6,726
0%
South Sarasota 4,905
0%
South Venice 17,399
0%
Southwest Ranches 7,827
0%
Springfield 8,495
0%
Spring Lake 274
0%
Spring Ridge 339
0%
Stacey Street 822
0%
Starke 5,966
0%
St. Augustine Shores 9,921
0%
St. Augustine South 4,864
0%
Steinhatchee 770
0%
St. James City 3,846
0%
St. Lucie Village 615
0%
St. Marks 312
0%
Stock Island 4,724
0%
Sugarmill Woods 10,871
0%
Sumatra 38
0%
Sun City Center 31,801
0%
Suncoast Estates 4,255
0%
Sweetwater 21,321
0%
Taft 1,867
0%
Tamarac 75,147
0%
Tangelo Park 2,103
0%
Tangerine 3,967
0%
Tarpon Springs 26,168
0%
Tavares 22,007
0%
Tavernier 2,179
0%
Taylor Creek 4,493
0%
Tequesta 6,285
0%
The Acreage 40,188
0%
The Crossings 22,359
0%
The Hammocks 58,548
0%
The Meadows 5,463
0%
Thonotosassa 14,660
0%
Three Lakes 16,426
0%
Three Oaks 6,037
0%
Tice 5,377
0%
Tierra Verde 4,051
0%
Tiger Point 3,453
0%
Tildenville 104
0%
Timber Pines 4,790
0%
Titusville 49,883
0%
Treasure Island 6,524
0%
Trenton 2,267
0%
Trilby 302
0%
Trinity 19,296
0%
Tropical Park 2,567
0%
Tyndall AFB 379
0%
Umatilla 3,976
0%
Union Park 11,111
0%
University 91,349
0%
Upper Grand Lagoon 17,162
0%
Valparaiso 4,852
0%
Valrico 38,820
0%
Vamo 2,845
0%
Venice Gardens 3,246
0%
Verandah 1,766
0%
Vernon 744
0%
Vero Beach South 29,365
0%
Vero Lake Estates 6,262
0%
Verona Walk 2,931
0%
Viera East 13,082
0%
Viera West 17,169
0%
Villas 13,578
0%
Vineyards 3,484
0%
Virginia Gardens 2,358
0%
Wabasso 1,648
0%
Wabasso Beach 1,966
0%
Wacissa 328
0%
Wahneta 4,464
0%
Waldo 824
0%
Wallace 3,965
0%
Warm Mineral Springs 4,756
0%
Warrington 15,935
0%
Washington Park 1,896
0%
Watergate 3,709
0%
Watertown 2,797
0%
Wauchula 4,984
0%
Waukeenah 225
0%
Wausau 390
0%
Waverly 302
0%
Webster 965
0%
Wedgefield 8,556
0%
Weeki Wachee Gardens 1,070
0%
Wekiwa Springs 24,109
0%
Welaka 763
0%
Wesley Chapel 71,965
0%
West Bradenton 4,017
0%
West Canaveral Groves 198
0%
Westchase 24,818
0%
Westchester 53,082
0%
West DeLand 3,278
0%
Westgate 8,369
0%
Westlake 7,664
0%
West Lealman 15,560
0%
West Little River 33,147
0%
West Melbourne 31,378
0%
West Miami 7,247
0%
West Park 15,641
0%
West Pensacola 20,679
0%
West Perrine 9,944
0%
West Samoset 7,273
0%
West Vero Corridor 10,802
0%
Westview 11,823
0%
Westville 268
0%
Westwood Lakes 10,768
0%
Wewahitchka 2,188
0%
Whiskey Creek 5,298
0%
White City 5,373
0%
White Springs 760
0%
Whitfield 5,371
0%
Wildwood 19,031
0%
Williamsburg 7,400
0%
Williston 3,433
0%
Williston Highlands 3,213
0%
Willow Oak 7,299
0%
Wilton Manors 11,788
0%
Wimauma 13,003
0%
Windermere 3,223
0%
Winding Cypress 1,053
0%
Windsor 293
0%
Winter Beach 4,995
0%
Winter Springs 39,822
0%
Wiscon 535
0%
Woodlawn Beach 3,328
0%
Woodville 4,109
0%
World Golf Village 24,485
0%
Worthington Springs 380
0%
Wright 27,233
0%
Yalaha 1,343
0%
Yankeetown 633
0%
Yeehaw Junction 314
0%
Yulee 15,521
0%
Zellwood 2,484
0%
Zephyrhills 22,304
0%
Zephyrhills North 3,243
0%
Zephyrhills South 5,422
0%
Zephyrhills West 5,770
0%
Zolfo Springs 1,761
0%
No matching quizzes found
Score Distribution
Percent of People with Each Score
Percentile by Number Answered
Your Score History
You have not taken this quiz since the last reset